Regulations made under the provisions of section 23 of the London County Council (General Powers) Act 1909, with respect to the construction of buildings wholly or partly of reinforced conrete (Record no. 102073)

MARC details
000 -LEADER
fixed length control field 00763cam a2200217 4500
001 - CONTROL NUMBER
control field J117995
008 - FIXED-LENGTH DATA ELEMENTS--GENERAL INFORMATION
fixed length control field 020516n1934 000 0 eng u
035 ## - SYSTEM CONTROL NUMBER
System control number (Sirsi) u117995
050 ## - LIBRARY OF CONGRESS CALL NUMBER
Classification number 692.209421
110 ## - MAIN ENTRY--CORPORATE NAME
Corporate name or jurisdiction name as entry element London County Council
9 (RLIN) 1711
245 ## - TITLE STATEMENT
Title Regulations made under the provisions of section 23 of the London County Council (General Powers) Act 1909, with respect to the construction of buildings wholly or partly of reinforced conrete
260 ## - PUBLICATION, DISTRIBUTION, ETC.
Place of publication, distribution, etc. London
Name of publisher, distributor, etc. LCC
Date of publication, distribution, etc. 1934
300 ## - PHYSICAL DESCRIPTION
Extent 16p.
Dimensions 33cm.
350 ## - PRICE (NR) (BK AM CF MU VM SE) [OBSOLETE]
Price 2d.
490 ## - SERIES STATEMENT
Volume/sequential designation 1812
650 ## - SUBJECT ADDED ENTRY--TOPICAL TERM
Topical term or geographic name entry element BUILDING REGULATIONS
9 (RLIN) 6224
650 ## - SUBJECT ADDED ENTRY--TOPICAL TERM
Topical term or geographic name entry element LONDON COUNTY COUNCIL (GENERAL POWERS) ACT 1909 S23
650 ## - SUBJECT ADDED ENTRY--TOPICAL TERM
Topical term or geographic name entry element REINFORCED CONCRETE
690 ## - LOCAL SUBJECT ADDED ENTRY--TOPICAL TERM (OCLC, RLIN)
Topical term or geographic name as entry element BUILT ENVIRONMENT-BUILDING STANDARDS
942 ## - ADDED ENTRY ELEMENTS (KOHA)
Suppress in OPAC 0
Holdings
Withdrawn status Lost status Source of classification or shelving scheme Damaged status Not for loan Home library Current library Shelving location Date acquired Total Checkouts Full call number Barcode Date last seen Copy number Price effective from Koha item type
    Dewey Decimal Classification     London London Basement 16/05/2002   SHELF 326 30065775 06/08/2019 1 06/08/2019 Book